Prosodische Normen und Besonderheiten und Ihre Verortungen im Deutschen

Fonologický výskum, v ktorom sú skúmané, diskutované a popísané normy a charakteristiky nemeckej prozódie / intonácie. Problémy synchrónneho prozódneho výskumu, vybrané javy nemeckej prozódie.

Gespeichert in:
Bibliographische Detailangaben
1. Verfasser: Adamcová, Silvia, 1984-
Format: Buchkapitel
Sprache:Deutsch
Schlagworte:
Tags: Tag hinzufügen
Keine Tags, Fügen Sie das erste Tag hinzu!

MARC

LEADER 00000naa$a2200000$$$4500
001 0269814
005 20240502074229.0
041 0 |a ger 
044 |a SK 
245 1 0 |a Prosodische Normen und Besonderheiten und Ihre Verortungen im Deutschen  |c Silvia Adamcová 
520 |a Fonologický výskum, v ktorom sú skúmané, diskutované a popísané normy a charakteristiky nemeckej prozódie / intonácie. Problémy synchrónneho prozódneho výskumu, vybrané javy nemeckej prozódie. 
610 2 0 |a nemčina 
610 2 0 |a vyučovanie 
610 2 0 |a jazyky cudzie 
610 2 0 |a fonetika 
100 1 |a Adamcová, Silvia, 1984-